01085nam a2200289Ia 4500003000400000005001700004008004100021020001800062040001800080041000800098082002000106100003600126245009000162250001200252260007000264300003000334650002900364650003000393650003400423650002400457650003100481650002600512650002800538942003000566999001900596952018000615OSt20220617164502.0210716s2015 xx 000 0 und d a9789351109167 cAIMIT LIBRARY aeng a005.8221bANTA aAntonopoulos, Andreas M.943876 aMastering bitcoin :bUnlocking digital cryptocurrencies /cBy Andreas M. Antonopoulos a1st ed. aNew Delhi :bShroff Publishers and Distributors Pvt. Ltd.c2015. axxi, 272p. ;bPB ;c23 cm aHow Bitcoin works943877 aThe Bitcoin Client943878 aKey Addresses, Wallets943879 aTransactions943880 aThe Bitcoin Network943881 aThe Blockchain943882 aBitcoin Security943883 2ddccBKe1stk005.82 ANTA c195242d195242 00102ddc40708MCAaAIMITbAIMITd2016-03-09eKnowledge Worldg575.00iBill no:218; Bill dt:2016-03-04l0o005.82 ANTApMCA14751r2026-05-23 00:00:00v448.50w2021-07-16yBK